U.S. History by Letter- T - Statistics

General Stats
  • This quiz has been taken 425 times
  • The average score is 11 of 18
Answer Stats
Hint Answer % Correct
Writer of Tom Sawyer and Huckleberry Finn Mark Twain
87%
Helped slaves escape, new face on $20 bill Harriet Tubman
86%
The buck stops at this president's desk Harry Truman
81%
President with a custom-made bathtub William Taft
79%
Popular pre-Revolution political slogan No {taxation} without representation
78%
Independent country, 1836-1846 Texas
78%
Child star and ambassador Shirley Temple
74%
Serbian pioneer of AC electricity Nikola Tesla
73%
Vietnam War offensive launched on a holiday Tet Offensive
70%
Forced removal of Indians from the Southeast in the 1830s Trail of Tears
70%
Great Depression hydroelectric program {Tennessee} Valley Authority
62%
African-American fighter pilot group Tuskegee Airmen
53%
Wrote Civil Disobedience, Walden Henry David Thoreau
49%
Shawnee leader who sided with Britain in the War of 1812 Tecumseh
43%
American troops surprised Hessians here on Dec. 26 Trenton
34%
Battle where William H. Harrison defeated forces of above Tippecanoe
30%
Invasion of North Africa, 1942 Operation {Torch}
15%
The "Rock of Chickamauga" George Thomas
13%
No matching quizzes found
Score Distribution
Percent of People with Each Score
Percentile by Number Answered
Your Score History
You have not taken this quiz